Normal view
MARC view
Entry Topical Term
001 - CONTROL NUMBER
- control field: 5067
003 - CONTROL NUMBER IDENTIFIER
- control field: ARRUPE
005 - DATE AND TIME OF LATEST TRANSACTION
- control field: 20131203191208.0
008 - FIXED-LENGTH DATA ELEMENTS
- fixed length control field: 131203|| aca||aabn | a|a d
040 ## - CATALOGING SOURCE
- Original cataloging agency: ARRUPE
- Transcribing agency: ARRUPE
150 ## - HEADING--TOPICAL TERM
- Topical term or geographic name as entry element: Politics, Practical
- Geographic subdivision: United States
- General subdivision: Humor.
670 ## - SOURCE DATA FOUND
- Source citation: Work cat.: (ARRUPE)0: O'Rourke, P. J. 5066, Parliament of whores :, c1991.